Sports Quiz

Random Sports or Baseball Quiz
Score 0/32 Timer 10:00
0 Plays Today
Year / Primary Team Player % Correct
1942 (STL)Rogers Hornsby
95.8%
1944 (1st MLB Comissioner)Kenesaw Landis
87.5%
1946 (CHC)Frank Chance
87.5%
1946 (CHC)Johnny Evers
87.5%
1946 (CHC)Joe Tinker
87.5%
1947 (STL)Frankie Frisch
87.5%
1947 (PHA)Mickey Cochrane
83.3%
1947 (PHA)Lefty Grove
83.3%
1948 (PIT)Pie Traynor
83.3%
1949 (CHC)Mordecai Brown
79.2%
1949 (DET)Charlie Gehringer
79.2%
1946 (NY HIghlanders)Jack Chesbro
75%
1946 (PHA)Rube Waddell
75%
1946 (PHA)Eddie Plank
70.8%
1945 (NYG)Roger Bresnahan
66.7%
1945 (BOS)Jimmy Collins
66.7%
Year / Primary Team Player % Correct
1945 (PHI)Ed Delahanty
66.7%
1946 (NYG)Joe McGinnity
66.7%
1947 (NYG)Carl Hubbell
66.7%
1945 (PIT)Fred Clarke
62.5%
1946 (CHW)Ed Walsh
62.5%
1945 (BUF)Dan Brouthers
58.3%
1948 (NYY)Herb Pennock
58.3%
1946 (CLV)Jesse Burkett
54.2%
1949 (BSN)Kid Nichols
54.2%
1946 (WSA)Clark Griffith
45.8%
1946 (BSN)Tommy McCarthy
45.8%
1945 (BAL(NL))Hugh Jennings
37.5%
1945 (CHW)King Kelly
37.5%
1945 (NYG)Jim O'Rourke
37.5%
1945 (BSN)Hugh Duffy
33.3%
1945 (BRO)Wilbert Robinson
33.3%
Remove Ads.
Support Sporcle.
Get the best of Sporcle when you Go Orange. This ad-free experience offers more features, more stats, and more fun while also helping to support Sporcle. Thank you for becoming a member.

You're not logged in!

Compare scores with friends on all Sporcle quizzes.
OR
Log In

Sporcle TV

Today on Sporcle TV


Watch our educational content, quiz creation guides, and fun videos on Sporcle TV.

Show Comments

Extras

Top Quizzes Today


Score Distribution

Paid Content

Your Account Isn't Verified!

In order to create a playlist on Sporcle, you need to verify the email address you used during registration. Go to your Sporcle Settings to finish the process.

Report this User

Report this user for behavior that violates our Community Guidelines.

Details: